Steaguri roșii, galbene și albastre – Moarte subită - Statistics

General Stats
  • This quiz has been taken 17 times
  • The average score is 2 of 6
Answers on the Grid
Answers color-coded by a green-red scale on the quiz's grid according to % correct below.
Andorra
Armenia
Bosnia și Herțegovina
Ciad
Columbia
Ecuador
Ethiopia
Grecia
Haiti
Insulele Åland
Italia
Jordania
Kiribati
Liban
Liechtenstein
Malaezia
Moldova
Mongolia
Niue
Polonia
Republica Democrată Congo
România
Sfântul Vicențiu și Grenadine
Seychelles
Suedia
Tokelau
Ucraina
Venezuela
 
Answer Stats
Answer % Correct
Ciad
100%
Columbia
33%
România
33%
Insulele Åland
0%
Mongolia
0%
Republica Democrată Congo
0%
No matching quizzes found
Score Distribution
Percent of People with Each Score
Percentile by Number Answered
Your Score History
You have not taken this quiz